00397cam a2200157ua 45000010005000000080039000050400009000440820008000531000028000612450039000892500009001282600037001373000016001746530014001906530035002042902110915n ii |||gr||||Z||||||asm cMAIN a9201 aHaldar, Gopal,eAuthor.11aKazi Naxrul Islamcby Gopal Haldar a1st. aNew Delhi:bSahitya Akademi,979. a84p:c23cm. aBiography aBiography of Kazi Naxrul Islam